|
|
|
|
| LEADER |
01079nam a2200253 a 4500 |
| 001 |
790904 |
| 008 |
091008s1970 nju b 001 0 eng d |
| 010 |
|
|
|a \\\74083135
|
| 020 |
|
|
|a 13880690x
|
| 020 |
|
|
|a 138807086
|
| 040 |
|
|
|a DLC
|c DLC
|d DLC
|d BD-DhAAL
|
| 082 |
0 |
0 |
|a 371.3
|2 17
|
| 100 |
1 |
|
|a Popham, W. James.
|
| 245 |
1 |
0 |
|a Systematic instruction /
|c by W. James Popham and Eva L. Baker.
|
| 260 |
|
|
|a Englewood Cliffs, N.J. :
|b Prentice-Hall,
|c 1970.
|
| 300 |
|
|
|a ix, 166 p. :
|b ill. ;
|c 24 cm.
|
| 504 |
|
|
|a Includes bibliographical references and index.
|
| 541 |
1 |
|
|e 00005085
|
| 650 |
|
0 |
|a Teaching.
|
| 700 |
1 |
|
|a Baker, Eva L.,
|e joint author.
|
| 852 |
4 |
|
|a Ayesha Abed Library
|j General shelf
|
| 999 |
|
|
|c 8450
|d 8450
|
| 952 |
|
|
|0 0
|1 0
|2 ddc
|4 0
|6 371_300000000000000_POP_1970
|7 0
|9 9926
|a BRACUL
|b BRACUL
|c GEN
|d 2010-05-09
|g 0.00
|l 0
|o 371.3 POP
|p 3010005085
|r 2010-05-09
|t 2
|w 2010-05-09
|y BK
|z Not price in Register
|
| 952 |
|
|
|0 0
|1 0
|2 ddc
|4 0
|6 371_300000000000000_POP_1970
|7 0
|9 9927
|a BRACUL
|b BRACUL
|c GEN
|d 2010-05-09
|g 0.00
|l 0
|o 371.3 POP
|p 3010005084
|r 2010-05-09
|t 1
|w 2010-05-09
|y BK
|z Not price in Register
|